Toutes les villes Fortnite - Statistiques

Statistiques générales
  • Ce quiz a été pris 51 fois
  • Le résultat moyen est 22 sur 178
Statistiques - réponses
Saison d'arrivée1 Villes % Correct
2 Tilted Towers
87%
1 Pleasant Park
72%
1 Salty Springs
67%
1 Retail Row
54%
1 Dusty Depot
49%
1 Greasy Grove
46%
3 Lucky Landing
46%
1 Fatal Fields
44%
2 L'agence
44%
1 Loot Lake
44%
5 Paradise Palms
44%
1 Anarchy Acres
38%
1 Lonely Lodge
38%
1 Flush Factory
36%
2 Shifty Shafts
36%
1 Tomato Town
36%
2 Junk Junction
33%
2 Snobby Shores
33%
1 Wailing Woods
33%
4 Dusty Divot
31%
2 La grotte
31%
2 Le requin
31%
4 Risky Reels
28%
7 Polar Peak
26%
1 Weeping Woods
26%
2 Haunted Hills
23%
1 Lazy Lake
23%
1 Moisty Mire
23%
9 Neo Tilted
23%
1 Sweaty Sands
23%
5 Tomato Temple
23%
1 Brutal Bastion
21%
2 Crime City
21%
1 Dirty Docks
21%
2 La plateforme
21%
1 Misty Meadows
21%
1 Craggy Cliffs
18%
7 Happy Hamlet
18%
1 La Citadelle
18%
5 Lazy Links
18%
7 Le bloc
18%
2 Mega City
18%
9 Mega Mall
18%
1 Slurpy Swamps
18%
1 Steamy Stacks
18%
1 Frenzy Farm
15%
10 Gotham City
15%
1 Holly Hedges
15%
8 Lazy Lagoon
15%
5 Salty Towers
15%
10 Tilted Town
15%
7 Frosty Flights
13%
2 Grim Gate
13%
2 Lonewolf Lair
13%
4 Stark Industries
13%
8 Sunny Steps
13%
5 Colossal Coliseum
10%
3 Coral Castle
10%
Remix Doggpound
10%
Remix Ice Isle
10%
1 Masked Meadows
10%
10 Moisty Palms
10%
2 Mont Olympe
10%
3 Nitrodrome
10%
1 Pleasant Piazza
10%
9 Pressure Plant
10%
1 Seaport City
10%
1 Shining Span
10%
2 Shiny Shafts
10%
1 Slappy Shores
10%
1 Anvil Square
8%
6 Boney Burbs
8%
1 Bourg-Jonesy
8%
1 Breakwater Bay
8%
1 Brutal Boxcars
8%
1 Camp Cuddle
8%
3 Catty Corner
8%
1 Condo Canyon
8%
1 Daily Bugle
8%
1 Demon's Dojo
8%
1 Foxy Floodgate
8%
1 Frenzy Fields
8%
5 Hunter’s Haven
8%
2 Kenjutsu Crossing
8%
1 Lavish Lair
8%
2 Les Enfers
8%
2 Le yatch
8%
1 Lonely Labs
8%
2 Outlaw Oasis
8%
1 Rocky Reels
8%
1 Sanctuaire
8%
1 Shogun's Solitude
8%
Remix Spaghetti Grotto
8%
2 Brawler's Battleground
5%
1 Burd
5%
4 Chateau de Fatalis
5%
1 Circuit Chonkers
5%
1 Coney Crossroads
5%
4 Doomstadt
5%
4 Fief de Fatalis
5%
1 Flooded Frogs
5%
1 Grand Glacier
5%
1 Hopeful Heights
5%
1 Kappa Kappa Factory
5%
6 La Flèche
5%
3 La flotille
5%
2 La Forteresse
5%
8 La pyramide
5%
3 L'autorité
5%
6 Leaky Lake
5%
4 Le Raft
5%
1 Magic Mosses
5%
1 Pumped Power
5%
1 Reckless Railways
5%
4 Relentless Retreat
5%
2 Restored Reels
5%
1 Ritzy Riviera
5%
1 Ruined Reels
5%
3 Rumble Ruins
5%
3 Sandy Steppes
5%
1 Sleepy Sound
5%
1 Snooty Steppes
5%
10 Starry Suburbs
5%
1 Twinkle Terrace
5%
1 Warrior's Watch
5%
1 Whiffy Wharf
5%
7 Believer Beach
3%
3 Brutal Beachhead
3%
1 Canyon Crossing
3%
6 Colossal Crops
3%
7 Corny Complex
3%
4 Eclipsed Estate
3%
1 Fencing Fields
3%
1 Hazy Hillside
3%
2 Knotty Nets
3%
3 La bamboche
3%
4 L'arbre de la réalité
3%
3 Logjam Lotus
3%
1 Logjam Lumberyard
3%
1 Lost Lake
3%
4 Lustrous Lagoon
3%
1 Nightshift Forest
3%
4 Parvis de Fatalis
3%
3 Redline Rig
3%
4 Sanguine Suites
3%
3 Shady Stilts
3%
1 Shattered Slabs
3%
1 Shattered Span
3%
5 Stealthy Stronghold
3%
2 Steamy Springs
3%
4 Brawler's Patch
0%
3 Cascade de la réalité
0%
4 Chrome Crossroads
0%
4 Chromejam Junction
0%
1 Classy Courts
0%
4 Cloudy Condos
0%
2 Command Cavern
0%
8 Corny Crops
0%
1 Covert Cavern
0%
3 Creeky Compounds
0%
1 Faulty Splits
0%
4 Flutter Barn
0%
4 Fort Jonesy
0%
4 Freaky Fields
0%
4 Grim Gables
0%
7 Holly Hatchery
0%
4 Logjam Junction
0%
3 Rave Cave
0%
1 Rebel's Roost
0%
3 Rickety Rig
0%
4 Sanctuaire du Hérault
0%
4 Shimmering Shrines
0%
4 Shiny Sound
0%
3 Shipwreck Shallows
0%
3 Shuffled Shrines
0%
7 Sludgy Swamps
0%
2 Synapse Station
0%
4 Tainted Towers
0%
Aucun quiz correspondant
Distribution des résultats
% des personnes avec chaque résultat
Percentile par nombre de réponses
Votre historique - résultats
Vous n’avez pas pris ce quiz